The Holy Spirit and the name. (Record no. 14246)

000 -LEADER
fixed length control field 00532nam a2200181 a 4500
001 - CONTROL NUMBER
control field :::00012075$&:&@@
003 - CONTROL NUMBER IDENTIFIER
control field OkBaRHE
005 - DATE AND TIME OF LATEST TRANSACTION
control field 20000607103415.0
008 - FIXED-LENGTH DATA ELEMENTS--GENERAL INFORMATION
fixed length control field j 000 0 eng u
040 ## - CATALOGING SOURCE
Transcribing agency
100 1# - MAIN ENTRY--PERSONAL NAME
Personal name Thom, Robert.
245 14 - TITLE STATEMENT
Title The Holy Spirit and the name.
260 ## - PUBLICATION, DISTRIBUTION, ETC. (IMPRINT)
Place of publication, distribution, etc Prairie Village, KS., :
Name of publisher, distributor, etc Robert Thom
Date of publication, distribution, etc nd
300 ## - PHYSICAL DESCRIPTION
Extent 156 p. ;
Dimensions 19 cm.
650 ## - SUBJECT ADDED ENTRY--TOPICAL TERM
Topical term or geographic name as entry element Holy Spirit
942 ## - ADDED ENTRY ELEMENTS (KOHA)
Source of classification or shelving scheme
Koha item type Books
Copies
Date checked out Full call number Current Location Total Checkouts Barcode Shelving location Koha item type Permanent Location Date last seen Source of classification or shelving scheme Lost status Copy number Not for loan Withdrawn status Date acquired Price effective from Damaged status
2016-04-28BX 8781 .Z6T49RHEMA Bible Training College112075General StacksBooksRHEMA Bible Training College2016-05-04  1  2010-04-142010-04-14